Регионална библиотека "Любен Каравелов" - Русе

Приключенията на Лиско в гората (Запис номер 25944)

MARC детайли
000 -Лидер
Контролно поле с фиксирана дължина 01859nam a2200397 c 4500
003 - Код на организацията, давaща контролен номер
Контролно поле BLK
005 - Дата и час на последна редакция
Контролно поле 20250719153454.0
008 - Елементи от данни с фиксирана дължина
fixed length control field 180413b bul|||||r ||||||| ||bul||
010 ## - Наследен системен номер
LC control number KNG00028490000
020 ## - Международен стандартен номер на книга ISBN
Международен стандартен номер на книга ISBN 954-625-163-1
040 ## - Източник на каталожния запис
Идентификатор на билиотеката - собственик на записа BLK
041 ## - Код за език
Код за езика на текст/звукозапис или на отделно заглавие Български
Код за езика КДБФ Български
080 ## - УДК
Текстов определител УДК Българска литература
УДК код - определител по УДК 821.163.2
УДК определител -93-31
УДК - код + определител 821.163.2-93-31
100 1# - Редна дума - Автор
Автор Априлов, Борис
Авторска отговорност първи автор
Автор - информация (биография) Джавков, Атанас Василев
R(LIN) 248876
139 ## - Редно поле
Редна дума Априлов, Борис
Авторски знак Апр - А 79
245 10 - Сведения за заглавието
Заглавие Приключенията на Лиско в гората
Подзаглавни данни Роман за деца
Редно поле (дума) Борис Априлов; ил. Елена Пъдарева; Атанас Василев Джавков.
257 ## - Страна на издаване
Страна на създаване/издаване България
260 ## - Област на издателските данни
Име на издателя, разпространителя и проч. Фют
Година на издаване 1999
Печатница София : ПК Д. Благоев
300 ## - Физическа характеристика
Страници 135 с.
Илюстрации и др. с ил.
Размери/Мащаб 23 см
380 ## - Жанр
Жанр Детска худож. лит.
490 ## - СЕРИИ (Колекции)
Име на серия Поредица Приключенията на Лиско
№: серия Кн. 1
500 ## - Общи забележки
Забележка Борис Априлов - псевд. на Атанас Василев Джавков. - 1. изд. 1957 със загл. Приключенията на Лиско на изд. Нар. младеж, с ил. Вадим Лазаркевич, в сер. За средна и горна училищна възраст. - Офс. изд. - 7 000 тир.
653 ## - Ключова дума – ненормативна
Ключова дума романи
653 ## - Ключова дума – ненормативна
Ключова дума литература за деца
653 ## - Ключова дума – ненормативна
Ключова дума детска литература
700 1# - Други автори (авторска отговорност)
Лично име Пъдарева, Елена
Автороска отговорност (Описва отношението между автора и произведението) ил.
9 (RLIN) 366096
700 1# - Други автори (авторска отговорност)
Лично име Джавков, Атанас Василев
9 (RLIN) 248877
852 ## - Местоположение
Форматна сигнатура Цб 201279
856 4# - Електронен адрес и достъп
Електронен формат pdf - файл
Път до файла /url/
856 4# - Електронен адрес и достъп
Електронен формат pdf - файл
Път до файла /url/
942 ## - АРТИКУЛИ
Вид на библиотечния материал Книги
Скрит в OPAC Не
Koha issues (borrowed), all copies 47
944 ## - СЪЗДАВАНЕ И РЕДАКЦИЯ на ЗАПИСА
Създаване/Редакция Създаване
Дата на регистрацията/редакция 19.06.2003
Служител, извършил регистрацията/редакцията 30553
Статус, дата на статуса Иваничка Йорданова
944 ## - СЪЗДАВАНЕ И РЕДАКЦИЯ на ЗАПИСА
Създаване/Редакция Редакция
Дата на регистрацията/редакция 15.07.2003
999 ## - СИСТЕМНИ КОНТРОЛНИ НОМЕРА
Koha biblionumber 25944
Koha biblioitemnumber 25944
999 ## - СИСТЕМНИ КОНТРОЛНИ НОМЕРА
Koha biblioitemnumber 25944
999 ## - СИСТЕМНИ КОНТРОЛНИ НОМЕРА
Koha biblioitemnumber 25944
Наличности
Код за отписване Код за изгубен артикул Източник на класификационната схема Код за повреда Коз за рестрикции Код за отдаване Артикулен № Име на библиотеката - собственик Име на библиотеката, в която се намира в момента Статус (Текущо местоположение) Дата на вписване в системата Местоположение - отдел Цена в лева Инвентарен номер Систематично азбучна сигнатура Баркод Номер на екземпляра Цена в евро Служебна бележка Служебен тип на артикула
  Не е изгубен Universal Decimal Classification Не е повреден без рестрикции ползва се в читалня 42331 Регионална библиотека "Любен Каравелов" Русе Регионална библиотека "Любен Каравелов" Русе Хранилище 2001-01-01 Хранилище 0.00 649544 Цб 201279 120000649544 1 0.00 Дост: Dp Вид: Д N: стар фонд Дата: 01.01.1999 Книги
Изтеглен Не е изгубен Universal Decimal Classification Не е повреден без рестрикции заемане за дома 42332 Регионална библиотека "Любен Каравелов" Русе Регионална библиотека "Любен Каравелов" Русе Детски отдел 2003-06-09 Детски отдел 1.00 120000676639 ДХ 886.7/А 79 120000676639 2 0.51 Дост: Pk Вид: Ф N: 15463 Дата: 05.06.2003 Дата инв: 02.09.2015 Бележки инв: Д2015 Книги
Изтеглен Не е изгубен Universal Decimal Classification Не е повреден без рестрикции заемане за дома 42333 Регионална библиотека "Любен Каравелов" Русе Регионална библиотека "Любен Каравелов" Русе Детски отдел 2003-06-18 Детски отдел 1.00 120000676868 ДХ 886.7/А 79 120000676868 3 0.51 Дост: Pk Вид: Ф N: 15582 Дата: 12.06.2003 Дата инв: 08.09.2015 Бележки инв: Д2015 Книги
  Не е изгубен Universal Decimal Classification Не е повреден без рестрикции заемане за дома 42334 Регионална библиотека "Любен Каравелов" Русе Регионална библиотека "Любен Каравелов" Русе Детски отдел 2003-06-18 Детски отдел 1.00 120000676869 821.163.2-93/А 79 В 120000676869 4 0.51 Дост: Pk Вид: Ф N: 15582 Дата: 12.06.2003 Дата инв: 10.08.2015 Бележки инв: Д2015 Книги
Изтеглен Изгубен Universal Decimal Classification Не е повреден без рестрикции заемане за дома 42335 Регионална библиотека "Любен Каравелов" Русе Регионална библиотека "Любен Каравелов" Русе Детски отдел 2003-07-09 Детски отдел 1.00 120000677380 ДХ 886.7/А 79 120000677380 5 0.51 Дост: Pk Вид: Ф N: 15923 Дата: 04.07.2003 Дата инв: 24.08.2015 Бележки инв: Д2015 Книги
Изтеглен Не е изгубен Universal Decimal Classification Не е повреден без рестрикции заемане за дома 42336 Регионална библиотека "Любен Каравелов" Русе Регионална библиотека "Любен Каравелов" Русе Детски отдел 2003-07-09 Детски отдел 1.00 120000677381 ДХ 886.7/А 79 120000677381 6 0.51 Дост: Pk Вид: Ф N: 15923 Дата: 04.07.2003 Дата инв: 16.09.2015 Бележки инв: Д2015 Книги
Изтеглен Не е изгубен   Не е повреден без рестрикции заемане за дома 42337 Регионална библиотека "Любен Каравелов" Русе Регионална библиотека "Любен Каравелов" Русе Детски отдел 2003-07-09 Детски отдел 1.00 120000677382 ДХ 886.7/А 79 120000677382 7 0.51 Дост: Pk Вид: Ф N: 15923 Дата: 04.07.2003 Дата инв: 16.09.2015 Бележки инв: Д2015 Книги
Vip Innovations Ltd, Rousse, Bulgaria 2025